000 00673cam a22002294a 4500
001 12746297
005 20241114163237.0
008 020418s2002 ilua b 000 0 eng
020 _a0842349952 (HC)
020 _a084236577X (SC)
050 0 0 _aHQ734
_b.R7554 2002
082 0 0 _a306.81
_221
100 1 _aRosberg, Gary,
_d1952-
245 1 0 _aDivorce proof your marriage /
_cGary and Barbara Rosberg.
260 _aWheaton, Ill. :
_bTyndale House Publishers,
_cc2002.
300 _axi, 334 p. :
_bill. ;
_c24 cm.
650 0 _aMarriage.
650 0 _aMarriage
_xReligious aspects
_xChristianity.
650 0 _aLove.
700 1 _aRosberg, Barbara.
942 _2lcc
_cBK
_n0
999 _c1214
_d1214